02765nam a22003497i 4500001000800000003001000008007000500018008004100023040003500064041000800099043000700107084000700114100003900121245005600160264001100216300004500227336002700272337003300299338002800332504004200360520166500402650001902067650003002086650002802116700003202144700003702176773007502213942000902288952009502297999001702392999000602409B-12604CO-BoFNCPt|| 090928s2008 my r eng d  aCO-BoFNCPbspacCO-BoFNCPerda aeng amy aA-1 aSuboh, Ismail941294,eautor.4aut10aPotentials for integration in oil palm plantations. 4c©2008 apáginas 303-319 :bTablas, gráficos. atextobtxt2rdacontent asin mediaciónbn2rdamedia avolumenbnc2rdacarrier aIncluye referencias bibliográficas. aCrops and livestock integration with oil palm is one of the thrust areas in the Malaysian Palm Oil Board's (MPOB) research programmes as outlined in its strategic plan. It is in line with ensuring the hihg income strategy as envisaged by MPOB and the national aspiration to achieve self-sufficiency in food production. Integration of crops or livestock with oil palm is possible since sunlight can penetrate the oil palm canopy especially during the immature stage enabling other crops to be grown between rows of oil palm. At the mature stage, some light still can penetrate to the ground and allow several types of vegetation/weeds to grow which can be used as forage for livestock. The integration of crops and livestock generates additional income to the oil palm growers and improves productivity of the land. Various studies have shown that several cash crops are capable of generating additional income of between RM175-RM870 per hectare per month when integrated with oil palm. To be feasible and economically viable, suitable crops or livestock and their production systems need to be well established. Crops integration is limited to the first two years of oil palm planting. To extend the integration further, oil palm is planted in double avenue planting system. This planting system allows higher light penetration and provides wider space between two palm avenues. Observations have shown that in a field of five-year oil palm, there is still about 25-30 percent of the area available for cultivation of crops. Early results indicate that the oil palm yield in double avenue is comparable to that planted using the conventional triangular system. 0aCultivo.97424 0aSistema integrado935705. 0aPalma de aceite937678.1 aKamil, Azmi Tohiran941292.1 aRaja Zulkifli, Raja Omar941293.0 aThe Planter (Malasia)gv. 84, no. 986 (2008), p.303-319wA-x0126-575x 2zc1 00102z4070a2b2d2013-10-21l0oA-pR-12604r2013-10-21 00:00:00tEj. 1w2013-10-21y1 c26576d26576 z1